000 00575nam a2200229Ia 4500
003 OSt
005 20220924152340.0
006 a|||||r|||| 00| 0
007 ta
008 220923b |||||||| |||| 00| 0 mar d
024 _a342161
037 _cTextual
040 _aARTS
_cARTS
_bmar
041 _2mar
_amar
082 _aO155,8N05,1, G6
100 _aDandekar V.P
_9226461
245 0 _aPherphatka
260 _c1936
650 _aMARATHI LITERATURE
_938000
942 _hO155,8N05,1, G6
_cTEXL
_2CC
999 _c469556
_d469556